[Event "36th European Club Cup 2021"]
[Site "Struga"]
[Date "2021.09.19"]
[Round "2.35"]
[White "Rozentalis, Eduardas"]
[Black "Buzeti, Jernej"]
[Result "1-0"]
[WhiteElo "2509"]
[BlackElo "2236"]
[Annotator "ChessBase"]
[PlyCount "57"]
[EventDate "2021.09.18"]
[EventType "team-tourn"]
[EventCountry "MKD"]
[SourceTitle "playchess.com"]
[Source "ChessBase"]
[SourceQuality "1"]
[TimeControl "40/5400+30:1800+30"]

1. e4 {[%emt 0:00:04]} c5 {[%emt 0:00:14]} 2. Nf3 {[%emt 0:00:16]} d6 {[%emt 0:
00:26]} 3. Bb5+ {[%emt 0:01:59]} Bd7 {[%emt 0:01:40]} 4. Bxd7+ {[%emt 0:00:42]}
Qxd7 {[%emt 0:00:08]} 5. O-O {[%emt 0:00:22]} Nf6 {[%emt 0:00:37]} 6. e5 {
[%emt 0:00:59]} dxe5 {[%emt 0:01:27]} 7. Nxe5 {[%emt 0:00:32]} Qc8 {[%emt 0:00:
52]} 8. Qf3 {[%emt 0:01:16]} e6 {[%emt 0:01:32]} 9. Nc3 {[%emt 0:01:41]} Be7 {
[%emt 0:01:55]} 10. d3 {[%emt 0:01:08]} O-O {[%emt 0:00:19]} 11. Bf4 {[%emt 0:
01:26]} Nfd7 {[%emt 0:36:25]} 12. Qg3 {[%emt 0:19:17]} Nxe5 {[%emt 0:11:54]}
13. Bxe5 {[%emt 0:00:33]} f6 {[%emt 0:00:09]} 14. Bxb8 {[%emt 0:00:50]} Qxb8 {
[%emt 0:08:10]} 15. Qg4 {[%emt 0:01:43]} Qd6 {[%emt 0:03:20]} 16. Rae1 {
[%emt 0:07:58]} f5 {[%emt 0:04:27]} 17. Qc4 {[%emt 0:02:10]} Kf7 {[%emt 0:04:
33]} 18. Nb5 {[%emt 0:14:48]} Qc6 {[%emt 0:15:38]} 19. Re5 {[%emt 0:04:25]} a6
{[%emt 0:00:23]} 20. Rxf5+ {[%emt 0:03:43]} Bf6 {[%emt 0:00:12]} 21. Nc3 {
[%emt 0:01:01]} b5 {[%emt 0:04:10]} 22. Rxc5 {[%emt 0:02:35]} bxc4 {[%emt 0:01:
13]} 23. Rxc6 {[%emt 0:00:09]} Rfc8 {[%emt 0:00:59]} 24. Rxc8 {[%emt 0:02:21]}
Rxc8 {[%emt 0:00:06]} 25. Ne4 {[%emt 0:00:06]} Rc6 {[%emt 0:01:35]} 26. Nxf6 {
[%emt 0:01:55]} gxf6 {[%emt 0:00:07]} 27. dxc4 {[%emt 0:00:06]} Rxc4 {[%emt 0:
00:14]} 28. Rc1 {[%emt 0:00:22]} Rd4 {[%emt 0:00:16]} 29. Kf1 {[%emt 0:00:07]}
1-0

[Event "36th European Club Cup 2021"]
[Site "Struga"]
[Date "2021.09.19"]
[Round "2.36"]
[White "Bratkovic, Sham"]
[Black "Chatalbashev, Boris"]
[Result "1-0"]
[WhiteElo "2213"]
[BlackElo "2530"]
[Annotator "ChessBase"]
[PlyCount "91"]
[EventDate "2021.09.18"]
[EventType "team-tourn"]
[EventCountry "MKD"]
[SourceTitle "playchess.com"]
[Source "ChessBase"]
[SourceQuality "1"]
[TimeControl "40/5400+30:1800+30"]

1. e4 {[%emt 0:00:06]} g6 {[%emt 0:00:05]} 2. d4 {[%emt 0:00:33]} Bg7 {[%emt 0:
00:03]} 3. Nc3 {[%emt 0:00:16]} d6 {[%emt 0:00:06]} 4. f4 {[%emt 0:00:56]} Nf6
{[%emt 0:00:06]} 5. Nf3 {[%emt 0:00:48]} O-O {[%emt 0:00:08]} 6. Bd3 {[%emt 0:
01:35]} Nc6 {[%emt 0:01:01]} 7. e5 {[%emt 0:02:12]} dxe5 {[%emt 0:00:09]} 8.
fxe5 {[%emt 0:00:09]} Nh5 {[%emt 0:00:18]} 9. Be2 {[%emt 0:04:22]} Bg4 {
[%emt 0:01:38]} 10. Be3 {[%emt 0:02:45]} f6 {[%emt 0:00:10]} 11. exf6 {[%emt 0:
00:54]} exf6 {[%emt 0:00:26]} 12. O-O {[%emt 0:01:46]} Qd6 {[%emt 0:02:03]} 13.
Qd2 {[%emt 0:05:18]} Rae8 {[%emt 0:09:44]} 14. Rad1 {[%emt 0:09:30]} f5 {
[%emt 0:03:19]} 15. Bf2 {[%emt 0:13:00]} a6 {[%emt 0:08:50]} 16. h3 {[%emt 0:
10:42]} Bxf3 {[%emt 0:01:56]} 17. Bxf3 {[%emt 0:00:15]} Nf4 {[%emt 0:19:22]}
18. Ne2 {[%emt 0:08:45]} Bh6 {[%emt 0:10:07]} 19. Nxf4 {[%emt 0:01:22]} Bxf4 {
[%emt 0:00:04]} 20. Qd3 {[%emt 0:01:39]} g5 {[%emt 0:03:00]} 21. Qb3+ {[%emt 0:
07:38]} Kg7 {[%emt 0:03:30]} 22. Qxb7 {[%emt 0:03:50]} Nb4 {[%emt 0:02:07]} 23.
c3 {[%emt 0:01:57]} Rb8 {[%emt 0:02:28]} 24. Qa7 {[%emt 0:00:15]} Nc2 {[%emt 0:
01:36]} 25. d5 {[%emt 0:04:25]} Rxb2 {[%emt 0:06:24]} 26. c4 {[%emt 0:02:28]}
Rf7 {[%emt 0:05:50]} 27. Rd3 {[%emt 0:04:52]} g4 {[%emt 0:05:14]} 28. Bd1 {
[%emt 0:01:54]} Nb4 {[%emt 0:07:24]} 29. Bc5 {[%emt 0:03:29]} Qg6 {[%emt 0:06:
08]} 30. Bxb4 {[%emt 0:01:53]} Rxg2+ {[%emt 0:01:18]} 31. Kxg2 {[%emt 0:00:50]}
gxh3+ {[%emt 0:00:02]} 32. Kxh3 {[%emt 0:03:26]} Qh6+ {[%emt 0:00:01]} 33. Kg2
{[%emt 0:00:07]} Qh2+ {[%emt 0:00:30]} 34. Kf3 {[%emt 0:00:05]} Qg3+ {[%emt 0:
00:06]} 35. Ke2 {[%emt 0:00:08]} Qg2+ {[%emt 0:00:02]} 36. Rf2 {[%emt 0:01:16]}
Qe4+ {[%emt 0:00:03]} 37. Re3 {[%emt 0:00:21]} Qxc4+ {[%emt 0:00:21]} 38. Kf3 {
[%emt 0:00:57]} Bxe3 {[%emt 0:02:47]} 39. Rg2+ {[%emt 0:01:20]} Bg5 {[%emt 0:
00:23]} 40. Rxg5+ {[%emt 0:00:00]} Kh6 {[%emt 0:00:00]} 41. Rg1 {[%emt 0:08:59]
} Qe4+ {[%emt 0:10:55]} 42. Kf2 {[%emt 0:02:16]} Qh4+ {[%emt 0:00:29]} 43. Kf1
{[%emt 0:01:28]} Qh3+ {[%emt 0:00:19]} 44. Rg2 {[%emt 0:01:52]} Qd3+ {[%emt 0:
07:52]} 45. Be2 {[%emt 0:01:10]} Qb1+ {[%emt 0:00:41]} 46. Be1 {[%emt 0:01:09]}
1-0

[Event "36th European Club Cup 2021"]
[Site "Struga"]
[Date "2021.09.19"]
[Round "2.37"]
[White "Nevednichy, Vladislav"]
[Black "Mikhalevski, Victor"]
[Result "1-0"]
[WhiteElo "2498"]
[BlackElo "2573"]
[Annotator "TA"]
[PlyCount "225"]
[EventDate "2021.09.18"]
[EventType "team-tourn"]
[EventCountry "MKD"]
[SourceTitle "playchess.com"]
[Source "ChessBase"]
[SourceQuality "1"]

{[%evp 12,225,16,16,25,20,25,21,37,20,38,31,42,44,35,39,41,41,37,36,33,31,37,
35,35,14,7,14,11,0,0,0,32,44,52,43,59,35,79,93,91,62,76,76,120,113,133,146,141,
141,133,135,133,113,162,159,158,119,228,220,292,116,106,109,209,138,214,198,
207,208,254,247,231,235,230,233,231,230,221,234,228,230,230,218,220,173,219,
223,342,285,291,280,338,330,325,328,334,291,293,283,300,295,334,344,308,329,
343,330,336,324,328,281,275,255,258,231,235,189,199,199,259,276,329,239,259,
250,229,215,258,254,232,241,263,263,271,226,271,250,250,249,247,238,260,230,
228,222,279,275,265,251,289,289,289,282,282,282,343,343,328,224,222,218,253,
258,321,321,299,292,379,379,371,370,370,321,755,729,661,547,599,585,587,168,
171,0,521,581,588,564,541,519,1723,1474,4906,5193,4918,3932,1156,192,5125,5125,
4958,4906,3533,1046,2436,2243,4606,4820,1414,1201,29980,29979,29987,29988,
29987,29988]} 1. e4 e5 2. Nf3 Nc6 3. Bc4 Bc5 4. d3 Nf6 5. O-O O-O 6. Bg5 h6 7.
Bh4 Be7 {is now more promising than 7...d6. C50: Hungarian Defence and Giuoco
Pianissimo.} 8. Bg3 d6 9. a4 {[#]} Re8 $146 {The position is equal.} ({
Predecessor:} 9... Na5 10. Ba2 c5 11. h3 Nc6 12. c3 Be6 13. Bxe6 fxe6 14. Na3
Qe8 15. Rb1 Nh5 {1/2-1/2 (61) Duda,J (2753)-So,W (2770) chess24.com INT 2020})
10. a5 a6 11. c3 Be6 12. Bxe6 fxe6 13. Nbd2 Bf8 14. h3 Qd7 15. Re1 Qf7 16. Nb3
Rad8 17. Bh2 Nh5 18. Rc1 g5 19. d4 Bg7 20. Rc2 Nf4 21. Bxf4 Qxf4 22. d5 exd5
23. Qxd5+ Kh7 24. Nc1 Rb8 25. Ne2 Qf6 26. Nh2 Qg6 27. Ng3 Ne7 28. Qd1 b6 29.
axb6 Rxb6 30. Ng4 a5 31. Ne3 Reb8 32. Qe2 Qe6 33. Ra1 Rb5 34. Ngf5 Ng6 (34...
Nxf5 $16 35. Nxf5 Rc5) 35. g3 $18 Bf8 36. Qc4 $2 (36. b4 $18 {has better
winning chances.}) 36... Qxc4 $16 37. Nxc4 Rc5 (37... Ne7 $16 {keeps fighting.}
) 38. Ra4 d5 (38... Rbb5 $16 39. Nfe3 Ne7) 39. exd5 $18 (39. Nxa5 $6 Ra8) 39...
Rxd5 40. Nfe3 ({Weaker is} 40. Nxa5 Ra8 $14) 40... Rdb5 41. Rd2 ({Don't do} 41.
Rxa5 $6 Rxa5 42. Nxa5 Bc5 $18) 41... Kg8 42. Rxa5 Rxa5 43. Nxa5 Kf7 44. Rd7+
Ke6 45. Rxc7 Rxb2 46. Rc6+ Kf7 47. Nac4 Ra2 48. Ng4 Ra1+ 49. Kg2 Re1 (49... e4
{might work better.} 50. Nd2 e3 51. Rc7+ (51. fxe3 Ra2 $16) 51... Ne7 52. Nxe3
Ra6) 50. Rf6+ Kg7 {With the idea ...h5.} 51. Nce3 h5 52. Nf5+ Kh7 53. Rf7+ Kg8
54. Nfh6+ Bxh6 55. Nxh6+ {[%mdl 4096] Endgame KRN-KRN} Kh8 56. Rc7 e4 57. Nf7+
Kg8 58. Nxg5 e3 59. fxe3 Rxe3 60. Kf2 Re5 61. Nf3 Ra5 62. Ke3 Kf8 63. Nd4 h4
64. gxh4 Nxh4 65. Ke4 Ra1 (65... Ng6 $142 66. Rc5 Ra1) 66. c4 Rh1 67. Kd5 Ng6
68. Ne6+ Ke8 69. Rh7 Rd1+ 70. Kc5 Ne5 71. Nc7+ Kf8 72. Nd5 Rc1 73. Nb6 Rh1 74.
Kd5 Nf7 75. Nd7+ Ke8 {intending ...Rd1+.} 76. Nf6+ Kf8 77. Ne4 Rd1+ 78. Kc5 Ne5
79. Rh5 Nd3+ 80. Kc6 Ke7 81. Rh7+ Kf8 82. c5 Re1 83. Nd6 Kg8 84. Rh5 Kg7 85.
Rg5+ Kf6 86. Rg3 Rd1 87. Ne4+ Ke5 88. Nc3 $1 {[%cal Rc3d1]} Rd2 89. Rg5+ Kf4
90. Rg4+ Kf5 91. Rd4 Ne5+ 92. Kd5 $1 Rh2 $2 (92... Rc2 93. Nd1 Re2) 93. Nb5 Ng6
94. Nd6+ Kf6 95. Ne4+ Ke7 96. Ng5 $2 (96. c6 {Black must now prevent Nc5.} Rxh3
97. Kc5) 96... Kf6 97. Ne4+ $2 (97. Rg4 $1) 97... Ke7 98. c6 Rxh3 99. Kc5 {
Rd7+ is the strong threat.} Nf8 {Black wants to play ...Ne6+.} 100. Ng5 $1 {
Threatening mate with Re4+.} Rh5 (100... Rc3+ $142 101. Kb6 Rb3+ 102. Kc7 Ng6
103. Rd7+ Kf6) 101. Rd5 Rh1 102. Re5+ Kf6 {[#]} 103. Re8 $1 {[%cal Re8f8]} Rc1+
{[#]} 104. Kb6 $2 (104. Kb5 $1 Ng6 105. Ne4+ Kg7 106. Nc5 Rb1+ 107. Kc4 Rc1+
108. Kd4 Rd1+ 109. Kc4) 104... Rb1+ $2 (104... Ng6) 105. Ka7 Ra1+ 106. Kb7 Rb1+
107. Kc8 (107. Ka8 $142 Rc1 108. Rxf8+ Kxg5 109. Kb7 Rb1+ 110. Kc8) 107... Ng6
108. Ne4+ Kf7 109. Nd6+ Kf6 110. c7 Ne7+ 111. Kd8 {White mates.} Re1 {[#]} 112.
Rxe7 $1 {[%mdl 576] Remove Defender, Promotion} Rxe7 113. c8=Q {Weighted Error
Value: White=0.11/Black=0.19} 1-0

[Event "36th European Club Cup 2021"]
[Site "Struga"]
[Date "2021.09.19"]
[Round "2.38"]
[White "Nabaty, Tamir"]
[Black "Nikolovski, Nikola"]
[Result "1-0"]
[WhiteElo "2638"]
[BlackElo "2409"]
[Annotator "TA"]
[PlyCount "65"]
[EventDate "2021.09.18"]
[EventType "team-tourn"]
[EventCountry "MKD"]
[SourceTitle "playchess.com"]
[Source "ChessBase"]
[SourceQuality "1"]

{[%evp 9,65,39,59,66,65,66,56,67,58,54,77,69,91,79,76,71,120,132,139,126,213,
120,152,95,165,178,217,138,188,193,394,437,445,400,393,437,425,431,393,314,678,
637,591,453,470,473,466,470,443,460,445,427,453,837,29981,403,29982,29983]} 1.
d4 Nf6 2. Nf3 c5 3. d5 b5 4. c3 Bb7 5. e4 Nxe4 6. Bxb5 {A43: Schmid Benoni.} e6
7. dxe6 fxe6 8. Nbd2 {[#] White is slightly better.} Nxd2 $146 ({Predecessor:} 
8... Be7 9. Qe2 Nd6 10. Bd3 Nc6 11. h4 Qc7 12. Rh3 O-O-O 13. b4 Nf7 14. bxc5
Bxc5 {1/2-1/2 (30) Iglesias,J (2259)-Tregubov,P (2557) Chalons en Champagne
2021}) 9. Bxd2 Be7 10. Bd3 c4 11. Bxc4 O-O 12. Qe2 Nc6 13. Bd3 Qa5 14. O-O h6 (
14... Bf6 $16 {might work better.} 15. Bf4 g6) 15. b4 (15. Qe4 $18 {Threatens
to win with Qh7+.} Qf5 16. Qxf5 exf5 17. Rfe1) 15... Qh5 16. Nd4 (16. Qe4 $142
{Black must now prevent g4.} Rxf3 17. Qxf3 (17. gxf3 Ne5 $11) 17... Qxf3 18.
gxf3) 16... Qd5 {[#]} (16... Qxe2 $16 17. Bxe2 Nxd4 18. cxd4 Bf6) 17. Nxc6 $1
$18 Bxc6 {[%csl Gc6][%cal Rd5g2]} 18. f3 Bd6 19. f4 Rf6 $2 (19... g5 {was
worth a try.} 20. Bc4 Qe4) 20. c4 Qd4+ 21. Be3 Qc3 22. b5 Bb7 23. Rac1 Qb4 24.
c5 Bxf4 (24... Bc7 25. c6 dxc6 26. bxc6 Bc8) 25. Rxf4 Rxf4 26. a3 Qa4 27. Bc2 (
{Resist} 27. c6 dxc6 28. bxc6 Rf7 $18) 27... Qxa3 28. Bxf4 {And now c6! would
win.} Qxc5+ 29. Be3 Qe5 30. Qd3 Rf8 31. Bd4 (31. Bxa7 $142 Rf7 32. Rd1) 31...
Qg5 32. Qh7+ Kf7 {[%csl Gb7][%cal Rg5g2] [#]} 33. Bg6+ $1 {[%mdl 512] Weighted
Error Value: White=0.19/Black=0.65} 1-0

[Event "36th European Club Cup 2021"]
[Site "Struga"]
[Date "2021.09.19"]
[Round "2.39"]
[White "Risteski, Emil"]
[Black "Rodshtein, Maxim"]
[Result "1/2-1/2"]
[WhiteElo "2320"]
[BlackElo "2599"]
[Annotator "TA"]
[PlyCount "60"]
[EventDate "2021.09.18"]
[EventType "team-tourn"]
[EventCountry "MKD"]
[SourceTitle "playchess.com"]
[Source "ChessBase"]
[SourceQuality "1"]

{[%evp 10,60,25,25,22,19,14,12,38,15,22,2,10,-29,20,10,31,9,0,4,38,15,28,27,34,
12,9,11,11,11,12,0,11,0,0,0,0,-7,-7,-7,-7,-7,-7,-7,-7,-2,-2,-2,-2,-2,-2,-2,-2]
} 1. e4 e6 2. d4 d5 3. Nd2 c5 4. Ngf3 cxd4 5. exd5 Qxd5 6. Bc4 Qd7 $1 {[%mdl 4]
is recently more successful than 6...Qd6. C07: French Tarrasch: 3...c5, 4 Ngf3
and 4 exd5 Qxd5.} 7. O-O Nc6 8. Nb3 a6 9. a4 Nf6 10. Qe2 Qc7 11. Rd1 Bd7 12.
Nbxd4 Bc5 13. c3 O-O 14. Bg5 Rfe8 {[#]} 15. Bd3 $146 ({Predecessor:} 15. Bh4
Rad8 16. Bg3 Qc8 17. Ne5 Nxe5 18. Bxe5 Nd5 19. Qh5 Bf8 20. Bb3 Ne7 21. Rd3 {
1/2-1/2 (57) Howell,D (2663)-Romanov,E (2625) Jerusalem 2015}) 15... h6 16.
Bxf6 gxf6 17. Nxc6 Bxc6 {The position is equal.} 18. Nd4 f5 19. Nxc6 Qxc6 20.
a5 Red8 21. Qc2 b5 22. axb6 a5 23. b4 Bxb6 24. bxa5 Rxa5 25. Rxa5 Bxa5 26. c4
Qc5 27. Bf1 Rxd1 28. Qxd1 Bb6 29. Qf3 Qd4 30. g3 Kg7 {A rather calm draw. 
Weighted Error Value: White=0.08/Black=0.07} 1/2-1/2

[Event "36th European Club Cup 2021"]
[Site "Struga"]
[Date "2021.09.19"]
[Round "2.40"]
[White "Postny, Evgeny"]
[Black "Podlesnik, Bogdan"]
[Result "1-0"]
[WhiteElo "2564"]
[BlackElo "2327"]
[Annotator "ChessBase"]
[PlyCount "51"]
[EventDate "2021.09.18"]
[EventType "team-tourn"]
[EventCountry "MKD"]
[SourceTitle "playchess.com"]
[Source "ChessBase"]
[SourceQuality "1"]
[TimeControl "40/5400+30:1800+30"]

1. d4 {[%emt 0:00:07]} Nf6 {[%emt 0:00:37]} 2. c4 {[%emt 0:00:04]} e6 {[%emt 0:
00:01]} 3. g3 {[%emt 0:00:09]} c5 {[%emt 0:00:07]} 4. d5 {[%emt 0:00:11]} exd5
{[%emt 0:00:06]} 5. cxd5 {[%emt 0:00:05]} b5 {[%emt 0:00:06]} 6. Nf3 {[%emt 0:
00:37]} d6 {[%emt 0:00:36]} 7. e4 {[%emt 0:00:51]} a6 {[%emt 0:00:11]} 8. a4 {
[%emt 0:00:59]} Qe7 {[%emt 0:03:51]} 9. Bd3 {[%emt 0:05:54]} b4 {[%emt 0:08:51]
} 10. O-O {[%emt 0:05:57]} Bg4 {[%emt 0:02:49]} 11. Nbd2 {[%emt 0:05:35]} Nfd7
{[%emt 0:01:52]} 12. Re1 {[%emt 0:09:35]} g6 {[%emt 0:04:45]} 13. e5 {[%emt 0:
12:38]} dxe5 {[%emt 0:00:53]} 14. h3 {[%emt 0:00:41]} Bxh3 {[%emt 0:04:24]} 15.
d6 {[%emt 0:01:56]} Qxd6 {[%emt 0:01:31]} 16. Nc4 {[%emt 0:07:57]} Qc7 {
[%emt 0:01:13]} 17. Nfxe5 {[%emt 0:02:15]} Nxe5 {[%emt 0:02:58]} 18. Bf4 {
[%emt 0:08:22]} Bg7 {[%emt 0:08:05]} 19. Rxe5+ {[%emt 0:02:14]} Bxe5 {[%emt 0:
00:31]} 20. Bxe5 {[%emt 0:00:05]} Qd7 {[%emt 0:03:27]} 21. Bxh8 {[%emt 0:00:34]
} f5 {[%emt 0:00:43]} 22. Kh2 {[%emt 0:05:44]} f4 {[%emt 0:01:31]} 23. Qf3 {
[%emt 0:00:46]} fxg3+ {[%emt 0:01:56]} 24. fxg3 {[%emt 0:00:13]} Ra7 {[%emt 0:
00:32]} 25. Re1+ {[%emt 0:00:37]} Be6 {[%emt 0:00:05]} 26. Qf6 {[%emt 0:00:51]}
1-0

[Event "36th European Club Cup 2021"]
[Site "Struga"]
[Date "2021.09.19"]
[Round "2.41"]
[White "Zlatkov, Anton"]
[Black "Huzman, Alexander"]
[Result "0-1"]
[WhiteElo "2132"]
[BlackElo "2547"]
[Annotator "ChessBase"]
[PlyCount "46"]
[EventDate "2021.09.18"]
[EventType "team-tourn"]
[EventCountry "MKD"]
[SourceTitle "playchess.com"]
[Source "ChessBase"]
[SourceQuality "1"]
[TimeControl "40/5400+30:1800+30"]

1. e4 {[%emt 0:02:00]} c6 {[%emt 0:00:07]} 2. d4 {[%emt 0:00:24]} d5 {[%emt 0:
00:05]} 3. exd5 {[%emt 0:00:14]} cxd5 {[%emt 0:00:04]} 4. c4 {[%emt 0:00:07]}
Nf6 {[%emt 0:00:30]} 5. Nc3 {[%emt 0:00:17]} g6 {[%emt 0:00:05]} 6. Qb3 {
[%emt 0:02:08]} Bg7 {[%emt 0:00:36]} 7. cxd5 {[%emt 0:01:11]} O-O {[%emt 0:00:
20]} 8. Be2 {[%emt 0:02:31]} Na6 {[%emt 0:02:20]} 9. Bf3 {[%emt 0:00:34]} Qb6 {
[%emt 0:02:21]} 10. Qxb6 {[%emt 0:07:39]} axb6 {[%emt 0:01:55]} 11. Bf4 {
[%emt 0:02:05]} Nb4 {[%emt 0:03:31]} 12. Kd2 {[%emt 0:00:38]} Rd8 {[%emt 0:00:
11]} 13. Bc7 {[%emt 0:11:20]} Rd7 {[%emt 0:03:24]} 14. Bxb6 {[%emt 0:02:34]}
Nfxd5 {[%emt 0:10:07]} 15. Nxd5 {[%emt 0:06:21]} Nxd5 {[%emt 0:00:19]} 16. Bxd5
{[%emt 0:01:36]} Rxd5 {[%emt 0:00:18]} 17. Nf3 {[%emt 0:18:40]} Rb5 {[%emt 0:
01:11]} 18. Bc5 {[%emt 0:00:36]} Rxb2+ {[%emt 0:00:13]} 19. Ke3 {[%emt 0:04:02]
} Bh6+ {[%emt 0:02:32]} 20. Kd3 {[%emt 0:00:09]} Rxf2 {[%emt 0:00:19]} 21. Bxe7
{[%emt 0:03:41]} Bf5+ {[%emt 0:03:41]} 22. Kc3 {[%emt 0:01:22]} Rc8+ {[%emt 0:
01:44]} 23. Kb3 {[%emt 0:00:43]} Be6+ {[%emt 0:02:09]} 0-1

[Event "36th European Club Cup 2021"]
[Site "Struga"]
[Date "2021.09.19"]
[Round "2.43"]
[White "Christiansen, Johan-Sebastian"]
[Black "Gukesh D"]
[Result "0-1"]
[WhiteElo "2609"]
[BlackElo "2599"]
[Annotator "TA"]
[PlyCount "74"]
[EventDate "2021.09.18"]
[EventType "team-tourn"]
[EventCountry "MKD"]
[SourceTitle "playchess.com"]
[Source "ChessBase"]
[SourceQuality "1"]

{[%evp 14,74,0,0,0,0,0,0,0,0,29,28,40,0,0,0,12,4,15,4,35,6,35,35,33,35,51,37,
38,13,13,10,15,15,15,15,10,8,8,13,15,13,27,9,10,8,11,4,6,0,0,0,0,-9,-9,-9,-9,
-54,-25,-636,-630,-5816,-3443]} 1. e4 c5 2. Nf3 Nc6 3. Bb5 g6 4. O-O Bg7 5. c3
Nf6 6. d4 Nxe4 7. d5 Nb8 8. Re1 Nf6 {was the old line (8...Nd6). B31: Sicilian:
2...Nc6 3 Bb5 g6.} 9. d6 e6 {[#]} 10. Ne5 $146 ({Predecessor:} 10. Bf4 b6 11.
a4 Bb7 12. Na3 O-O 13. h3 Nd5 14. Bg5 f6 15. Bd2 Nc6 16. Be2 a6 17. Nc4 b5 18.
Na3 b4 19. Nc4 Na5 20. Nxa5 Qxa5 21. c4 Nb6 22. Be3 Bxf3 23. Bxf3 {1-0 (23)
Riff,J (2501)-Ikonnikov,V (2558) Le Touquet 2009}) 10... a6 {The position is
equal.} 11. Be2 O-O 12. Bf3 Ra7 13. Bg5 {[%mdl 1024] White has compensation.}
h6 14. Bh4 b6 (14... g5 $5 15. Bg3 $8 Nc6 $11) 15. Nd2 g5 16. Bg3 Bb7 17. h4 (
17. Bxb7 {keeps more tension.} Rxb7 18. h4 Qc8 19. Qe2 Nc6 20. hxg5 hxg5 21.
Nxc6 Qxc6 22. Qxa6 Rbb8 23. Qe2) 17... Nc6 (17... Ne8 {is more complex.} 18.
hxg5 hxg5 19. Bxb7 Rxb7 20. Qh5 Qf6) 18. hxg5 hxg5 19. Bxc6 Bxc6 20. Nxc6 dxc6
21. Nf3 Nh5 22. Bh2 Rd7 23. Qa4 {White wants to play Qg4.} Nf4 $1 24. Rad1 Rxd6
25. Rxd6 Qxd6 26. Nxg5 e5 27. Bxf4 exf4 28. Qxa6 b5 29. Nf3 Qd5 30. Qa7 b4 31.
cxb4 cxb4 32. b3 Bc3 33. Rf1 Kg7 {[#] Hoping for ...Rh8.} 34. Qc7 Qf5 {...Rh8
is the strong threat.} 35. Nh4 Qg4 36. g3 {[%mdl 8192]} (36. Nf3 $11) 36... Rh8
$19 37. Qe7 fxg3 {Weighted Error Value: White=0.52/Black=0.06} 0-1

[Event "36th European Club Cup 2021"]
[Site "Struga"]
[Date "2021.09.19"]
[Round "2.44"]
[White "Dudin, Gleb"]
[Black "Urkedal, Frode Olav Olsen"]
[Result "1-0"]
[WhiteElo "2434"]
[BlackElo "2568"]
[Annotator "ChessBase"]
[PlyCount "95"]
[EventDate "2021.09.18"]
[EventType "team-tourn"]
[EventCountry "MKD"]
[SourceTitle "playchess.com"]
[Source "ChessBase"]
[SourceQuality "1"]
[TimeControl "40/5400+30:1800+30"]

1. c4 {[%emt 0:00:35]} Nf6 {[%emt 0:00:25]} 2. Nf3 {[%emt 0:00:59]} e6 {
[%emt 0:04:00]} 3. g3 {[%emt 0:01:25]} d5 {[%emt 0:00:42]} 4. Bg2 {[%emt 0:00:
41]} dxc4 {[%emt 0:04:39]} 5. Qa4+ {[%emt 0:00:49]} Bd7 {[%emt 0:01:21]} 6.
Qxc4 {[%emt 0:00:40]} c5 {[%emt 0:00:08]} 7. Ne5 {[%emt 0:05:24]} Qc8 {[%emt 0:
00:07]} 8. Qd3 {[%emt 0:02:33]} Nc6 {[%emt 0:04:54]} 9. Nxd7 {[%emt 0:01:00]}
Nxd7 {[%emt 0:00:29]} 10. O-O {[%emt 0:03:10]} Be7 {[%emt 0:00:38]} 11. Nc3 {
[%emt 0:02:40]} O-O {[%emt 0:00:12]} 12. Qc2 {[%emt 0:11:42]} Rd8 {[%emt 0:04:
23]} 13. d3 {[%emt 0:01:42]} Nd4 {[%emt 0:02:04]} 14. Qd1 {[%emt 0:06:04]} Nf6
{[%emt 0:08:30]} 15. Bd2 {[%emt 0:21:34]} Qd7 {[%emt 0:00:38]} 16. Rc1 {
[%emt 0:01:40]} Rac8 {[%emt 0:00:29]} 17. Ne4 {[%emt 0:02:00]} b6 {[%emt 0:11:
11]} 18. Bc3 {[%emt 0:04:45]} Nxe4 {[%emt 0:06:00]} 19. Bxe4 {[%emt 0:02:29]}
Bg5 {[%emt 0:03:31]} 20. e3 {[%emt 0:04:11]} Nb5 {[%emt 0:05:24]} 21. Qh5 {
[%emt 0:03:37]} h6 {[%emt 0:01:53]} 22. h4 {[%emt 0:05:40]} Nxc3 {[%emt 0:03:
48]} 23. bxc3 {[%emt 0:02:54]} Be7 {[%emt 0:00:15]} 24. d4 {[%emt 0:01:21]} b5
{[%emt 0:02:35]} 25. Rfd1 {[%emt 0:03:01]} Qe8 {[%emt 0:05:51]} 26. Qf3 {
[%emt 0:01:42]} a5 {[%emt 0:01:03]} 27. h5 {[%emt 0:00:58]} Bf6 {[%emt 0:01:51]
} 28. Rc2 {[%emt 0:03:32]} Rc7 {[%emt 0:01:48]} 29. Rb1 {[%emt 0:01:06]} Rdc8 {
[%emt 0:01:58]} 30. Rcb2 {[%emt 0:03:09]} b4 {[%emt 0:01:00]} 31. cxb4 {
[%emt 0:00:52]} cxb4 {[%emt 0:00:12]} 32. Kg2 {[%emt 0:00:07]} Rc3 {[%emt 0:00:
10]} 33. Rd2 {[%emt 0:00:19]} Rd8 {[%emt 0:01:57]} 34. d5 {[%emt 0:01:19]} exd5
{[%emt 0:00:47]} 35. Bxd5 {[%emt 0:00:21]} Rcc8 {[%emt 0:01:45]} 36. Rbd1 {
[%emt 0:00:32]} a4 {[%emt 0:01:10]} 37. Qf5 {[%emt 0:01:39]} Rb8 {[%emt 0:02:
15]} 38. e4 {[%emt 0:00:31]} b3 {[%emt 0:00:41]} 39. axb3 {[%emt 0:00:08]} axb3
{[%emt 0:00:03]} 40. e5 {[%emt 0:00:00]} Bg5 {[%emt 0:00:00]} 41. f4 {[%emt 0:
05:20]} Be7 {[%emt 0:02:38]} 42. Be4 {[%emt 0:17:41]} Kf8 {[%emt 0:00:04]} 43.
Rd7 {[%emt 0:05:21]} Rxd7 {[%emt 0:11:14]} 44. Rxd7 {[%emt 0:00:06]} Ra8 {
[%emt 0:00:10]} 45. e6 {[%emt 0:03:12]} Ra2+ {[%emt 0:04:27]} 46. Kh3 {[%emt 0:
01:22]} f6 {[%emt 0:02:42]} 47. g4 {[%emt 0:01:00]} g6 {[%emt 0:03:55]} 48.
hxg6 {[%emt 0:00:06]} 1-0